000 00308nam a2200109 a 4500
005 20201002044916.0
008 140402s1971 000 spa d
100 _aStendhal
_971497
245 3 _aLa abadesa de castro y otras cronicas italianas.
260 _aMadrid -- Libra,
_c1971 -- 189 p.
999 _c43157
_d43157
040 _aDO-SdBNP